| 000 | 00774nam a2200253Ia 4500 | ||
|---|---|---|---|
| 003 | OSt | ||
| 005 | 20220928123941.0 | ||
| 006 | a|||||r|||| 00| 0 | ||
| 007 | ta | ||
| 008 | 220927b |||||||| |||| 00| 0 eng d | ||
| 020 | _cEuro 119.99 | ||
| 024 | _a135682 | ||
| 037 |
_bGift, 30/08/2017, _cTextual |
||
| 040 |
_aSDCL _cSDCL _beng |
||
| 041 |
_2eng _aeng |
||
| 082 | _aB3, Q2 | ||
| 100 |
_aBounkhel Messaoud _9453302 |
||
| 245 | 0 |
_aRegularity concepts in nonsmooth analysis _b Theory and applications (Springer optimization and its applications 59) |
|
| 260 |
_aNew York _b Springer _c2012 |
||
| 300 |
_axv,261p. _ccm. |
||
| 650 |
_aGift _9391569 |
||
| 942 |
_hB3, Q2 _cTEXL _2CC |
||
| 999 |
_c775485 _d775485 |
||